01610nam a2200301Ia 450000500170000000800390001702000190005610000270007524501130010225000390021530000600025449000540031450000320036852005020040053400220090265000340092465000400095865000390099865000360103770000200107370000320109326400490112533600270117433700330120133800280123404000350126208400110129720220317001123.0160825s2008 mx a g 000 0 spa a978968166230121 aLenain, Thierryd1959-13aLa niña del canalcThierry Lenain ; ilustrado por Anne Victoire ; traducido por Patricia Gutiérrez Otero a1a. edición b4a. reimpresión  a53 páginas bilustraciones en blanco y negro c19 cm  aA la orilla del vientoppara los grandes lectores aIncluye datos biográficos aDe un tiempo para acá Sara actúa de manera extrana: ha empezado a llegar tarde a clases, se corto el cabello como si quisiera disfrazarse y verse fea, y su expresión se ha tornado triste. Su maestra lo ha notado y se pregunta que le está sucediendo a Sara. Habrá muerto alguien de su familia? Habrán peleado sus padres? Quiere preguntarle pero le parece que no debe hacerlo. Sin embargo, cada vez es más claro que Sara es víctima de un episodio muy doloroso del que no puede hablar tLa fille du canal142LEMBaNovela juvenil francesa142LEMB aLiteratura juvenil francesa 142LEMB aVíctimas en la literatura142LEMB aNiñas en la literatura1 aVictoire, Anne 1 aGutiérrez Otero, Patricia aMéxicobFondo de Cultura Económicac2008 atextobtxt2rdacontent asin mediaciónbn2rdamedia avolumenbnc2rdacarrier aCO-BoRNBPbspaerdacCO-BoRNBP aN LEN1